Sports Quiz

Random Sports or NBA Quiz

NBA Players who played under Coach Cal Quiz Stats

 Plays Quiz not verified by Sporcle

Also try: Don't Get Blocked!
Challenge
Share
Tweet
Score 0/27 Timer 12:00
0 Plays Today
% Correct
John Wall
100%
Demarcus Cousins
98%
Derrick Rose
96%
Anthony Davis
94%
Karl Anthony Towns
92%
Nerlens Noel
92%
Julius Randle
90%
Eric Bledsoe
88%
Devin Booker
86%
Brandon Knight
84%
Tyreke Evans
80%
Willie Cauley Stein
78%
Patrick Patterson
76%
Jamal Murray
72%
% Correct
Michael Kidd Gilchrist
68%
Terrence Jones
64%
Trey Lyles
60%
Marcus Camby
58%
Deandre Liggins
56%
Andrew Harrison
56%
James Young
56%
Tyler Ulis
46%
Archie Goodwin
40%
Skal Labissiere
34%
Chris Douglas Roberts
28%
Shawne Williams
16%
Rodney Carney
8%

You're not logged in!

Compare scores with friends on all Sporcle quizzes.
OR
Log In

You Might Also Like...

Show Comments

Extras

Created Feb 26, 2017ReportNominate
Tags:NBA Quiz, cal, coach, player, under

Top Quizzes Today


Score Distribution

Your Account Isn't Verified!

In order to create a playlist on Sporcle, you need to verify the email address you used during registration. Go to your Sporcle Settings to finish the process.

Report this User

Report this user for behavior that violates our Community Guidelines.

Details: